02088nam a22002537a 4500003000800000005001700008006001900025007000300044008004100047020001800088040001700106050001500123100003300138245009900171250002800270260003900298300004100337500005200378520124200430942001501672946000801687999001901695952012001714BJBSDDR20260512163032.0a|||||r|||| 00| 0 ta260512s20252023nyu|||||r|||| 00| 0 eng d a9781668031650 bspacBJBSDDR bM369f 20251 aMarshall, Tim,d1959-91223714aThe future of geography :bhow the competition in space will change our world /cTim Marshall. afirst paperback edition aNew York, N.Y. :bScribner, c2025 a278 pages :billustrations ;c21 cm. a Originally published: Elliott & Thompson, 2023 aSpy satellites orbiting the moon. Space metals worth more than most countries' GDP. People on Mars within the next ten years. This isn't science fiction - it's reality. Humans are venturing up and out, and we're taking our competitive spirit with us. Soon, what happens in space will shape human history as much as the mountains, rivers, and seas have impacted civilisations around the world. It's no coincidence that Russia, China, and the USA are leading the way. The next fifty years will change the face of global politics and the world order as we know it. In this gripping work, bestselling author Tim Marshall navigates the new astro-political reality to show how we got here and where we're heading. Extensively researched and drawing on the latest information from intelligence, government, and civilian institutions, this book provides a detailed, clear account of the new space race, the power rivalries, and how technology, economics, and war have a ripple effect on everyone across the globe. Written with all the insight and wit that have made Marshall one of the world's most popular and trusted writers on geopolitics, The Future of Geography is an essential read about global power, politics, and the future of humanity. 2lccn0cBK illh c127069d127069 00102lcc40708APTaBJBbBJBcAPTd2026-05-12l0oM369f 2025p00000200087r2026-05-12 16:30:49t1w2026-05-12yBK